000 00877nas a2200289 4500
001 BR0400521
003 BR-BrBNA
005 20231205104256.0
007 ta
008 230509b bl.|||p| |||| 00| 00por d
040 _aBR-BrBNA
_bpor
_cBiblioteca Nacional de Agricultura
041 _a(Pt)
072 _aF01; N20
100 1 _aCosta, N.P.
100 1 _aMesquita, C. de M.
245 1 _aInfluência da colheita mecânica da soja sobre os desperdícios de semente de quatro cultivares de soja
650 _aSOJA
650 _aSEMENTE
650 _aCOLHEITA MECÂNICA
650 _aVARIEDADE
650 _aDESPERDÍCIO
650 _aPERDA DURANTE A COLHEITA
650 _aCOLHEITADEIRA
773 0 _tInformativo ABRATES (Brazil)
_xISSN 0103-667X
_g(Dec 2002), v. 12(1-3) p. 10-14
_wBR0400521
909 _a202311
_bLúcia
_c55
_dLúcia Elande
942 _2AGRIS
_n0
_cANA
999 _c177308
_d177308